| 000 -CABECERA |
| fixed length control field |
01167nam a22002297a 4500 |
| 003 - IDENTIFICADOR DEL NÚMERO DE CONTROL |
| control field |
AR-CdUCM |
| 008 - DATOS DE LONGITUD FIJA--INFORMACIÓN GENERAL |
| fixed length control field |
190314b ||||| |||| 00| 0 spa d |
| 040 ## - FUENTE DE LA CATALOGACIÓN |
| Agencia/entidad que catalogó originalmente la obra |
MUNICIPALIDAD PROVINCIAL DEL CUSCO |
| Entidad que transcribió la catalogación |
BIBLIOTECA MUNICIPAL DEL CUSCO |
| 082 ## - NÚMERO DE LA CLASIFICACIÓN DECIMAL DEWEY |
| No. de Clasificación |
985.6 / |
| Notacion interna |
T17 |
| 100 ## - ENTRADA PRINCIPAL--NOMBRE DE PERSONA |
| Nombre Personal |
Tamayo Herrera, José |
| 245 ## - MENCIÓN DE TÍTULO |
| Título |
Historia General del Qosqo : |
| Resto del título |
Una historia regional desde el periodo lítico hasta el año 2000 / |
| 260 ## - PUBLICACIÓN, DISTRIBUCIÓN, ETC. |
| Lugar de publicación, distribución, etc. |
Qosqo-Perú : |
| Nombre de la editorial, distribuidor, etc. |
Mercantil ; |
| Fecha de publicación, distribución, etc. |
1992. |
| 300 ## - DESCRIPCIÓN FÍSICA |
| Nº de Páginas Extensión |
3 tomos ; |
| Otros detalles físicos |
Fotografías, |
| Dimensiones |
27cm. |
| 440 ## - MENCIÓN DE SERIE/PUNTO DE ACCESO ADICIONAL--TÍTULO |
| Título |
Municipalidad del Qosqo |
| 9 (RLIN) |
39547 |
| 505 ## - NOTA DE CONTENIDO CON FORMATO |
| Nota de contenido formateada |
Contenido: t.1 El espacio cusqueño -- La arqueología del Qosqo pre-inka -- El Qosqo inkaiko -- La época de la dependencia -- El periodo colonial cusqueño... -- t.2 El proceso de liberación en el Qosqo -- El Qosqo republicano 1825-1992... t.3 La historia política de la Época Republicana 1825-1991 -- La historia intelectual del Qosqo republicano -- La historia social del Qosqo republicano. |
| 650 ## - PUNTO DE ACCESO ADICIONAL DE MATERIA--TÉRMINO DE MATERIA |
| Descriptor |
Historia de Cusco |
| 9 (RLIN) |
18083 |
| 650 ## - PUNTO DE ACCESO ADICIONAL DE MATERIA--TÉRMINO DE MATERIA |
| Descriptor |
Historia de los incas |
| 9 (RLIN) |
1515 |
| 650 ## - PUNTO DE ACCESO ADICIONAL DE MATERIA--TÉRMINO DE MATERIA |
| Descriptor |
Incas |
| 9 (RLIN) |
303 |
| 710 ## - PUNTO DE ACCESO ADICIONAL--NOMBRE DE ENTIDAD CORPORATIVA |
| Nombre corporativo (En letras Mayúsculas) |
Municipalidad del Qosqo |
| 9 (RLIN) |
6414 |
| 942 ## - ELEMENTOS DE PUNTO DE ACCESO ADICIONAL (KOHA) |
| Fuente de clasificación |
|
| Tipo de item |
Libros-BMC |
| 945 ## - PROCESAMIENTO DE INFORMACIÓN LOCAL (OCLC) |
| Catalogador |
nom |